000 00381nam a2200145Ia 4500
008 230312s9999||||xx |||||||||||||| ||und||
020 _a978-9352868452
082 _a621.381
_bTRI-G
100 _aTrishna
245 0 _aGATE:Electronics and Communication Engineering 2019
260 _bPearsons
_aIndia
_c2018
300 _a3.906
650 _aEngineering
_vElectronic
942 _cBK
999 _c14118
_d14118